[Event "HEM 2009 C-Turnier"]
[Site "Idstein"]
[Date "2009.04.10"]
[Round "5"]
[White "Held, Helmut"]
[Black "Kellerwessel, Ralf"]
[Result "0-1"]
[WhiteElo "1768"]
[BlackElo "1911"]
[PlyCount "84"]
[EventDate "2009.??.??"]

1. e4 Nf6 2. d3 d5 3. e5 Nfd7 4. f4 e6 5. Nd2 Be7 6. Ndf3 c5 7. c3 Nc6 8. a3 f6
9. d4 a6 10. Bd3 Qa5 11. Bd2 Qb6 12. Bc1 O-O 13. h4 cxd4 14. cxd4 g6 15. h5 g5
16. fxg5 fxg5 17. Bc2 g4 18. Bxh7+ Kxh7 19. Qd3+ Rf5 20. Qe3 Nf8 21. Qh6+ Kg8
22. Nh4 Bxh4+ 23. Rxh4 Qxd4 24. Nf3 Qe4+ 25. Kd1 Bd7 26. Qe3 Qxe3 27. Rxg4+ Rg5
28. Rxg5+ Qxg5 29. Bxg5 Nh7 30. Bf4 Be8 31. g4 Bd7 32. Bg3 Na5 33. b4 Nc4 34.
Ke2 a5 35. bxa5 Rxa5 36. Bf4 b5 37. Nd4 Rxa3 38. Rb1 Ra2+ 39. Kd3 Rg2 40. Nxb5
Rxg4 41. Bh2 Bxb5 42. Rxb5 Rh4 0-1

[Event "HEM 2009 C-Turnier"]
[Site "Idstein"]
[Date "2009.04.10"]
[Round "5"]
[White "Rump, Andreas"]
[Black "Winter, Lars"]
[Result "0-1"]
[WhiteElo "1801"]
[BlackElo "2016"]
[PlyCount "104"]
[EventDate "2009.??.??"]

1. e4 c5 2. Nf3 e6 3. d4 cxd4 4. Nxd4 a6 5. Be3 Nf6 6. Nc3 Qc7 7. Qd2 Bb4 8. f3
Nc6 9. a3 Be7 10. g4 d6 11. O-O-O Rb8 12. Be2 Nxd4 13. Bxd4 O-O 14. g5 Nd7 15.
f4 b5 16. h4 Bb7 17. Rhg1 Rfc8 18. h5 Nc5 19. Bd3 e5 20. Be3 a5 21. Kb1 b4 22.
Nb5 Qd7 23. Bxc5 Rxc5 24. a4 Bc6 25. g6 fxg6 26. fxe5 Rxe5 27. Nxd6 Bxd6 28.
Bc4+ Kh8 29. Qxd6 Qxd6 30. Rxd6 Bxe4 31. hxg6 hxg6 32. Re6 Rxe6 33. Bxe6 b3 34.
Rg3 bxc2+ 35. Kc1 Bf5 36. Bb3 Rb4 37. Rc3 Rh4 38. Bxc2 Bxc2 39. Kxc2 Rxa4 40.
Rh3+ Kg8 41. Rg3 Kf7 42. Rg5 Kf6 43. Rb5 g5 44. b3 Ra1 45. Kb2 Rf1 46. Rxa5 g4
47. Ra8 Rf2+ 48. Kc3 g3 49. Ra1 g2 50. Rg1 Ke5 51. b4 Kf4 52. b5 Kg3 0-1

[Event "HEM 2009 C-Turnier"]
[Site "Idstein"]
[Date "2009.04.10"]
[Round "5"]
[White "Schwarz, Eduard"]
[Black "Ahrends, Norbert"]
[Result "1-0"]
[WhiteElo "1846"]
[BlackElo "2021"]
[PlyCount "65"]
[EventDate "2009.??.??"]

1. d4 d5 2. c4 c6 3. Nc3 Nf6 4. Nf3 e6 5. Bg5 h6 6. Bf4 dxc4 7. a4 Bb4 8. Bd2
Bxc3 9. Bxc3 b5 10. g3 Bb7 11. Bg2 O-O 12. O-O Nbd7 13. Bb4 Re8 14. Qc2 Nd5 15.
Bc5 a6 16. b3 N5b6 17. Ne5 Qc7 18. Nxd7 Nxd7 19. bxc4 Nxc5 20. dxc5 a5 21. cxb5
cxb5 22. Bxb7 Qxb7 23. c6 Qb6 24. axb5 Qxb5 25. Rab1 Qa6 26. Rfd1 a4 27. Rd7 a3
28. Ra1 Rec8 29. c7 a2 30. Rxa2 Qb5 31. Rxa8 Qxd7 32. Rxc8+ Qxc8 33. Qc5 1-0

[Event "HEM 2009 C-Turnier"]
[Site "Idstein"]
[Date "2009.04.10"]
[Round "5"]
[White "Krzesinski, Paul"]
[Black "Guenzler, Richard"]
[Result "0-1"]
[WhiteElo "1745"]
[BlackElo "1909"]
[PlyCount "34"]
[EventDate "2009.??.??"]

1. e4 Nf6 2. Nc3 d5 3. e5 Nfd7 4. d4 c5 5. Nxd5 cxd4 6. Qxd4 Nb6 7. Bc4 e6 8.
Bg5 Qd7 9. Bb5 Nc6 10. O-O-O exd5 11. Qe3 Be7 12. f4 Bxg5 13. fxg5 O-O 14. h4
Qg4 15. Bxc6 bxc6 16. h5 Nc4 17. Qf2 Qxg5+ 0-1

[Event "HEM 2009 C-Turnier"]
[Site "Idstein"]
[Date "2009.04.10"]
[Round "5"]
[White "Haftmann, Rainer"]
[Black "Zimmer, Gerald"]
[Result "1-0"]
[WhiteElo "1877"]
[BlackElo "1772"]
[PlyCount "53"]
[EventDate "2009.??.??"]

1. e4 e6 2. d4 d5 3. Nd2 c5 4. exd5 exd5 5. Ngf3 Nf6 6. Bb5+ Bd7 7. Bxd7+ Nbxd7
8. O-O Be7 9. dxc5 Nxc5 10. Nb3 O-O 11. Be3 Qc7 12. Nxc5 Bxc5 13. Bxc5 Qxc5 14.
c3 Rfe8 15. Nd4 Qc4 16. f3 Re3 17. Re1 Rae8 18. Rxe3 Rxe3 19. Qf1 Kf8 20. Kf2
Rd3 21. Qe2 g6 22. Re1 Kg7 23. a3 Nd7 24. h4 Nc5 25. Qe5+ f6 26. Qe7+ Kh6 27.
Nf5+ 1-0

[Event "HEM 2009 C-Turnier"]
[Site "Idstein"]
[Date "2009.04.10"]
[Round "5"]
[White "Zhukov, Leonid"]
[Black "Matzies, Alexander"]
[Result "0-1"]
[WhiteElo "1770"]
[BlackElo "1961"]
[PlyCount "48"]
[EventDate "2009.??.??"]

1. e4 c5 2. b3 Nc6 3. Nf3 d6 4. Bb5 e5 5. Bxc6+ bxc6 6. h3 g6 7. Bb2 Bg7 8. O-O
Ne7 9. d3 O-O 10. Nc3 f5 11. Nd2 f4 12. Kh2 Be6 13. g4 Qd7 14. Rg1 Kf7 15. Nf3
Bf6 16. Nd2 Rh8 17. f3 Bh4 18. Kg2 h5 19. Rh1 Rh7 20. Qe2 Rah8 21. Nf1 Ng8 22.
Nd1 Nf6 23. Nf2 Bxf2 24. gxh5 Bh4 0-1

[Event "HEM 2009 C-Turnier"]
[Site "Idstein"]
[Date "2009.04.10"]
[Round "5"]
[White "Kutschera, Julian"]
[Black "Engelbert, Thomas"]
[Result "1-0"]
[WhiteElo "1868"]
[BlackElo "1716"]
[PlyCount "51"]
[EventDate "2009.??.??"]

1. d4 Nf6 2. Nf3 g6 3. c4 Bg7 4. Nc3 O-O 5. Bg5 h6 6. Bh4 d6 7. e3 Nbd7 8. Be2
b6 9. O-O Bb7 10. Re1 g5 11. Bg3 Nh5 12. Qc2 Nxg3 13. hxg3 c5 14. d5 a6 15. Kh2
Ne5 16. Rh1 Nxf3+ 17. gxf3 e5 18. g4 Rb8 19. Kg2 Bc8 20. Bd3 Bd7 21. a4 Qe7 22.
Rh5 Rfd8 23. Rah1 Qf8 24. Bh7+ Kh8 25. Rxg5 hxg5 26. Bg8+ 1-0

[Event "HEM 2009 C-Turnier"]
[Site "Idstein"]
[Date "2009.04.10"]
[Round "5"]
[White "Fußnecker, Manfred"]
[Black "Larem, Peter"]
[Result "1/2-1/2"]
[WhiteElo "1993"]
[BlackElo "1935"]
[PlyCount "93"]
[EventDate "2009.??.??"]

1. e4 e5 2. Nc3 Nf6 3. f4 d6 4. Nf3 Nc6 5. Bb5 Bd7 6. O-O Be7 7. d3 O-O 8. f5
a6 9. Bc4 Na5 10. Qe1 b5 11. Bb3 c6 12. Qh4 Nxb3 13. axb3 Nd5 14. Bg5 Bxg5 15.
Nxg5 h6 16. exd5 hxg5 17. Qh5 cxd5 18. f6 gxf6 19. Nxd5 f5 20. g4 f4 21. Rf3
Kg7 22. Rh3 Rh8 23. Qxh8+ Qxh8 24. Rxh8 Kxh8 25. Nb6 Ra7 26. Nxd7 Rxd7 27. Rxa6
d5 28. Kf2 e4 29. Ke2 Kg7 30. Ra5 Re7 31. dxe4 Rxe4+ 32. Kf3 Rb4 33. Ra6 d4 34.
Rd6 f6 35. Ke2 Kf7 36. Ra6 d3+ 37. Kxd3 f3 38. Ke3 Rxg4 39. Kxf3 Rh4 40. Kg3
Kg6 41. Rc6 Rb4 42. Rb6 Kf5 43. h3 Ke5 44. Kg2 f5 45. Kf2 Ke4 46. Re6+ Kf4 47.
Rf6 1/2-1/2

[Event "HEM 2009 C-Turnier"]
[Site "Idstein"]
[Date "2009.04.10"]
[Round "5"]
[White "Minor, Dieter"]
[Black "Rompel, Michael"]
[Result "1-0"]
[WhiteElo "1848"]
[BlackElo "1992"]
[PlyCount "89"]
[EventDate "2009.??.??"]

1. d4 d5 2. Nf3 e6 3. Bf4 Nf6 4. e3 b6 5. Nbd2 Be7 6. h3 O-O 7. c3 Ba6 8. Ne5
Bxf1 9. Nxf1 c5 10. Nd2 Qc8 11. Ndf3 Qa6 12. Qc2 Re8 13. Ng5 Rf8 14. a3 Qb7 15.
O-O h6 16. Ngf3 Nc6 17. Nxc6 Qxc6 18. Ne5 Qb7 19. Qe2 Rac8 20. f3 Bd6 21. g4
Qc7 22. h4 Nd7 23. Qh2 Bxe5 24. dxe5 Rfd8 25. h5 Nf8 26. Rad1 Qe7 27. Bg3 Nh7
28. Bh4 f6 29. f4 Rf8 30. Rd2 Qe8 31. exf6 Nxf6 32. Bxf6 Rxf6 33. Rdf2 b5 34.
g5 Rf5 35. Rg2 Kh7 36. Rf3 e5 37. Qh3 Qf8 38. gxh6 Kxh6 39. Rfg3 Rc7 40. Rg6+
Kh7 41. h6 gxh6 42. Rxh6+ Qxh6 43. Qxf5+ Kh8 44. Rh2 Rg7+ 45. Kh1 1-0

[Event "HEM 2009 C-Turnier"]
[Site "Idstein"]
[Date "2009.04.10"]
[Round "5"]
[White "Launert, Martin"]
[Black "Ewin, Hans-Peter"]
[Result "1-0"]
[WhiteElo "1988"]
[BlackElo "1897"]
[PlyCount "59"]
[EventDate "2009.??.??"]

1. e4 g6 2. d4 Bg7 3. Nc3 d6 4. Be3 Nf6 5. Be2 Nbd7 6. Qd2 c6 7. f4 e5 8. g4
Nxg4 9. Bxg4 Qh4+ 10. Bf2 Qxg4 11. dxe5 dxe5 12. Bg3 exf4 13. Bxf4 O-O 14. Nge2
Ne5 15. O-O-O Qe6 16. Nd4 Qc4 17. Nde2 Qb4 18. a3 Qa5 19. Bh6 Bg4 20. Bxg7 Kxg7
21. Qg5 f6 22. Qf4 Rae8 23. h3 Bf3 24. Rhf1 Bg2 25. Rf2 Bxh3 26. Rh1 Bg4 27.
Qh6+ Kf7 28. Qxh7+ Ke6 29. Nf4+ Kd6 30. Rd2+ 1-0

[Event "HEM 2009 C-Turnier"]
[Site "Idstein"]
[Date "2009.04.10"]
[Round "5"]
[White "Libuda, Thomas"]
[Black "Löhr, Holger"]
[Result "1/2-1/2"]
[WhiteElo "1973"]
[BlackElo "1730"]
[PlyCount "39"]
[EventDate "2009.??.??"]

1. d4 e6 2. Nf3 Nf6 3. e3 d5 4. Bd3 b6 5. Nbd2 Bb7 6. O-O c5 7. c3 Nc6 8. e4
dxe4 9. Nxe4 Nxe4 10. Bxe4 Qc7 11. d5 exd5 12. Bxd5 Be7 13. Re1 O-O 14. Qe2 Bf6
15. Bg5 Bxg5 16. Nxg5 g6 17. Ne4 Kg7 18. Qf3 f6 19. c4 Nd4 20. Qc3 1/2-1/2

[Event "HEM 2009 C-Turnier"]
[Site "Idstein"]
[Date "2009.04.10"]
[Round "5"]
[White "Wachtel, Johann"]
[Black "Grass, Ernest"]
[Result "1-0"]
[WhiteElo "1712"]
[BlackElo "1948"]
[PlyCount "81"]
[EventDate "2009.??.??"]

1. e4 c5 2. f4 b6 3. Nf3 Bb7 4. d3 e6 5. Be2 Nc6 6. c3 Nge7 7. O-O d5 8. e5 d4
9. Nbd2 Nd5 10. Ne4 Be7 11. c4 Nc7 12. Nfd2 Qd7 13. Bf3 O-O-O 14. a3 f5 15.
exf6 gxf6 16. b4 f5 17. Ng3 h5 18. b5 Na5 19. Bxb7+ Kxb7 20. Nf3 Bd6 21. h4
Rdg8 22. Ng5 Kb8 23. Bd2 Rxg5 24. hxg5 h4 25. Nh1 h3 26. g3 h2+ 27. Kg2 Qh7 28.
Nf2 Ne8 29. Bxa5 bxa5 30. Qf3 e5 31. fxe5 Bxe5 32. Rae1 Bc7 33. Qc6 Nd6 34. Re6
Qg7 35. g4 f4 36. Rxd6 h1=Q+ 37. Rxh1 Rxh1 38. Nxh1 f3+ 39. Kxf3 Qe5 40. Rf6
Bd8 41. Qd6+ 1-0

[Event "HEM 2009 C-Turnier"]
[Site "Idstein"]
[Date "2009.04.10"]
[Round "5"]
[White "Hoppe, Michael"]
[Black "Egenolf, Dirk"]
[Result "1/2-1/2"]
[WhiteElo "1935"]
[BlackElo "1896"]
[PlyCount "27"]
[EventDate "2009.??.??"]

1. c4 g6 2. Nc3 Bg7 3. g3 Nc6 4. Bg2 e5 5. d3 d6 6. Nf3 Nge7 7. O-O O-O 8. Rb1
Bd7 9. Bd2 Qc8 10. Qc1 Bh3 11. Bh6 Bxg2 12. Kxg2 Qd7 13. Bxg7 Kxg7 14. e3
1/2-1/2

[Event "HEM 2009 C-Turnier"]
[Site "Idstein"]
[Date "2009.04.10"]
[Round "5"]
[White "Weber, Andreas"]
[Black "Schmitt, Carsten"]
[Result "1/2-1/2"]
[WhiteElo "1921"]
[BlackElo "1988"]
[PlyCount "35"]
[EventDate "2009.??.??"]

1. d4 d5 2. Nf3 c6 3. Bf4 e6 4. e3 Bd6 5. Bg3 Qc7 6. Bd3 Nf6 7. Ne5 O-O 8. f4
Nbd7 9. Nd2 c5 10. c3 c4 11. Bc2 b5 12. Bh4 Bb7 13. Qf3 a5 14. Nxd7 Nxd7 15.
Qh3 g6 16. O-O Rae8 17. Nf3 f6 18. Rae1 1/2-1/2

[Event "HEM 2009 C-Turnier"]
[Site "Idstein"]
[Date "2009.04.10"]
[Round "5"]
[White "Bolduan, Michael"]
[Black "Gutacker, Stephan"]
[Result "1-0"]
[WhiteElo "1883"]
[BlackElo "1967"]
[PlyCount "55"]
[EventDate "2009.??.??"]

1. Nf3 Nf6 2. g3 d5 3. Bg2 e6 4. O-O Be7 5. d3 O-O 6. Nbd2 c5 7. e4 Nc6 8. Re1
dxe4 9. dxe4 e5 10. c3 Qc7 11. Qc2 h6 12. Nc4 Be6 13. Ne3 Rad8 14. Bd2 Nh7 15.
Rad1 b5 16. Bc1 Nf6 17. Nh4 g6 18. Nd5 Qb7 19. Bxh6 Rfe8 20. Bc1 Kg7 21. Qe2
Rh8 22. Nxe7 Nxe7 23. Rxd8 Rxd8 24. Qe3 Neg8 25. Qxc5 Bxa2 26. Qxe5 Re8 27. Qd4
Bd5 28. e5 1-0

[Event "HEM 2009 C-Turnier"]
[Site "Idstein"]
[Date "2009.04.10"]
[Round "5"]
[White "Raab, Hendrik"]
[Black "Bosse, Volkmar"]
[Result "1/2-1/2"]
[WhiteElo "1789"]
[BlackElo "1961"]
[PlyCount "25"]
[EventDate "2009.??.??"]

1. d4 Nf6 2. Nf3 g6 3. c4 Bg7 4. Nc3 O-O 5. g3 d6 6. Bg2 c6 7. O-O Na6 8. e4
Bg4 9. h3 Bxf3 10. Bxf3 Rc8 11. b3 e5 12. dxe5 dxe5 13. Ba3 1/2-1/2

[Event "HEM 2009 C-Turnier"]
[Site "Idstein"]
[Date "2009.04.10"]
[Round "5"]
[White "Förster, Rudi"]
[Black "Wesoly, Helge"]
[Result "1/2-1/2"]
[WhiteElo "1936"]
[BlackElo "1811"]
[PlyCount "56"]
[EventDate "2009.??.??"]

1. e4 c5 2. c3 Qa5 3. g3 Nc6 4. Bg2 Nf6 5. Ne2 e6 6. O-O d5 7. d3 d4 8. b4 Qb6
9. cxd4 cxd4 10. a3 a5 11. bxa5 Rxa5 12. Nd2 Ra6 13. Nc4 Qc7 14. f4 b5 15. Ne5
Nxe5 16. fxe5 Qxe5 17. Bf4 Qh5 18. Qc2 Bd7 19. Bf3 Qc5 20. Rfc1 Qxc2 21. Rxc2
Rxa3 22. Rxa3 Bxa3 23. Ra2 b4 24. Bd6 Bc8 25. Nxd4 Kd7 26. e5 Nd5 27. Bxd5 exd5
28. Nb5 Bb7 1/2-1/2

[Event "HEM 2009 C-Turnier"]
[Site "Idstein"]
[Date "2009.04.10"]
[Round "5"]
[White "Geringer, Waldemar"]
[Black "Vielsaecker, Dirk"]
[Result "0-1"]
[WhiteElo "1947"]
[BlackElo "1860"]
[PlyCount "72"]
[EventDate "2009.??.??"]

1. d4 Nf6 2. c4 e6 3. Nf3 Bb4+ 4. Bd2 Qe7 5. a3 Bxd2+ 6. Qxd2 a5 7. Nc3 d6 8.
e4 Nc6 9. Be2 O-O 10. O-O e5 11. d5 Nb8 12. b4 Na6 13. Rfb1 Bd7 14. Ne1 c6 15.
dxc6 bxc6 16. Nc2 Rfd8 17. f3 Be6 18. b5 cxb5 19. cxb5 Nc5 20. a4 Nb3 21. Rxb3
Bxb3 22. Ne3 d5 23. exd5 Nxd5 24. Nexd5 Bxd5 25. Qe3 Bb7 26. Bd3 Rd4 27. Re1
Rad8 28. Bb1 f6 29. f4 Rd2 30. Ne4 exf4 31. Qxf4 Rd1 32. Qf1 Rxe1 33. Qxe1 Re8
34. Nxf6+ gxf6 35. Ba2+ Kh8 36. Qxa5 Qe3+ 0-1

[Event "HEM 2009 C-Turnier"]
[Site "Idstein"]
[Date "2009.04.10"]
[Round "5"]
[White "Will, Dominik"]
[Black "Heckwolf, Thomas"]
[Result "1-0"]
[WhiteElo "1791"]
[BlackElo "1618"]
[PlyCount "53"]
[EventDate "2009.??.??"]

1. e4 e5 2. Nf3 Nc6 3. Bb5 d6 4. O-O Bd7 5. c3 Nf6 6. Re1 Be7 7. d4 exd4 8.
cxd4 O-O 9. Nc3 Bg4 10. Be3 a6 11. Be2 Nd7 12. Rc1 Nb6 13. d5 Bxf3 14. Bxf3 Ne5
15. Be2 Bg5 16. f4 Nec4 17. Bxc4 Nxc4 18. fxg5 Nxe3 19. Rxe3 Qxg5 20. Rg3 Qe5
21. Qd3 f5 22. exf5 Rxf5 23. Re3 Qf6 24. Rf1 Rxf1+ 25. Qxf1 Qd4 26. Qf2 Qc5 27.
Re7 1-0